000 00625nam a22001937a 4500
005 20240307144719.0
010 _aENG-139457
020 _c270.00
_a9789381899687
035 _aEN-122989
037 _bDBAD/PUB
082 _a682.2254
100 _aAPARNA R.R.
_962935
245 _aLatex:
_bA High Quality Technical Typesetting For Everyone/
_cBy R.R. Aparna and R. Radha
260 _aChennai
_bSakthi Pathippagam
270 _bTamilnadu
_a12, Anna Street , Chitlapakkam , Chennai
_e600064
300 _a116p.
_c22cm(pbk)
700 _aR. Radha
_962572
_eAuthor
942 _2ddc
_cEN
_h682.2254
_mAPA
_e2016
999 _c201112
_d201112